Harry Potter Bk1 Ch4 First 300 Words Quiz Stats

 Plays Quiz not verified by Sporcle

Score 0/300 Timer 20:00
0 Plays Today
Answer % Correct
the
98.3%
a
98.3%
and
98.3%
the
98.3%
a
98.3%
the
98.3%
a
98.3%
The
98.3%
and
98.3%
a
98.3%
the
98.3%
A
98.3%
a
98.3%
the
98.3%
a
98.3%
and
98.3%
a
98.3%
the
98.3%
The
98.3%
the
98.3%
the
98.3%
the
98.3%
and
98.3%
The
98.3%
the
98.3%
a
98.3%
a
98.3%
the
98.3%
the
98.3%
and
98.3%
the
98.3%
the
98.3%
and
98.3%
the
98.3%
a
98.3%
a
98.3%
the
98.3%
a
98.3%
a
98.3%
he
94.8%
He
94.8%
he
94.8%
he
94.8%
He
94.8%
He
94.8%
He
94.8%
he
94.8%
Harry!'
94.4%
Harry
94.4%
was
94.2%
was
94.2%
was
94.2%
was
94.2%
was
94.2%
was
94.2%
was
94.2%
was
94.2%
in
93.7%
in
93.7%
in
93.7%
in
93.7%
of
93.1%
of
93.1%
of
93.1%
you -
92.4%
you
92.4%
you,
92.4%
you
92.4%
you
92.4%
an
91.8%
'An'
91.8%
on
91.3%
Vernon
91.1%
to
91.1%
to
91.1%
to
91.1%
Vernon.
91.1%
Vernon
91.1%
it
90.9%
it
90.9%
his
90.7%
His
90.7%
his
90.7%
his
90.7%
his
90.7%
his
90.7%
Dudley
90.5%
Dudley
90.5%
Dudley
90.5%
said
89.4%
said
89.4%
said
89.4%
said
89.4%
Uncle
88.3%
door
88.3%
door,
88.3%
Uncle
88.3%
Uncle
88.3%
man
88.1%
so
87.9%
Answer % Correct
had
87%
had
87%
who
87%
giant
86.6%
giant
86.6%
up
86.6%
up,
86.6%
giant.
86.6%
up
86.6%
giant.
86.6%
There
85.5%
there?'
85.5%
There
85.5%
that
85.5%
that
85.5%
that
85.5%
that
85.5%
what
84.8%
look
84.4%
at
84.4%
look
84.4%
at
84.4%
They
83.8%
they
83.8%
it's
82.3%
its
82.3%
It's
82.3%
were
82%
with
81.8%
with
81.8%
with
81.8%
where
81.8%
with
81.8%
eyes,
81.6%
eyes
81.6%
eyes.'
81.6%
them
80.7%
them.
80.7%
them
80.7%
into
80.5%
into
80.5%
into
80.5%
into
80.5%
been
79.4%
standing
79.4%
been
79.4%
hands -
78.8%
not
78.8%
but
78.4%
but
78.4%
could
77.7%
could
77.7%
hair
76.2%
hair.
76.2%
room.
75.8%
saw
75.3%
saw
75.3%
out
74.9%
looked
74.9%
I'm
74.5%
doorway.
74.5%
like
74%
like
74%
holding
73.8%
came
73.6%
back
73.6%
got
73.6%
off
73.4%
beard,
73.4%
long,
73.2%
long,
73.2%
down,
72.9%
face
72.7%
face
72.7%
time
72.7%
Then -
71.9%
black
71.9%
'Who's
71.2%
now
71%
mother,
71%
baby,'
71%
knew
70.8%
just
70.6%
thin
69.7%
rifle
68.6%
behind
68.4%
behind
68.4%
behind
68.4%
floor.
67.5%
noise
67.5%
noise.
67.5%
sat
67.3%
dad,
66.5%
hinges
66.2%
all
66.2%
all.
66.2%
'Las'
66.2%
picked
64.7%
make
64.3%
make
64.3%
Answer % Correct
package
63.9%
tea,
63.9%
brought
63.6%
lot
63.6%
cup
63.2%
only
62.8%
made
62.6%
warn
62.3%
head
62.1%
crash
61.9%
crash
61.9%
yer
61.5%
yer
61.5%
armed!'
61%
us
61%
mum's
61%
'Couldn't
59.5%
turned
59.3%
journey....'
59.3%
over
59.1%
storm
58.9%
by
58.2%
bent
58.2%
frame.
57.8%
ran
57.6%
'I
55.8%
I
55.8%
'I
55.8%
BOOM.
55.6%
sofa
55%
hide
53.5%
beetle
52.8%
easy
52.6%
once,
52.2%
great
51.1%
shouted.
50.6%
hidden
50.4%
little.
50.4%
force
49.6%
'Where's
49.1%
such
48.9%
here's
48.3%
smile.
48.1%
again.
47.6%
under
47.4%
yeh?
47%
yeh
47%
'Yeh
47%
knocked
46.1%
almost
45.5%
leave
45.5%
way
44.8%
ceiling.
44.8%
hut,
44.6%
cannon?'
41.8%
demand
41.8%
completely
40.3%
stupidly.
40%
landed
40%
hit
39.2%
outside
39%
o'
39%
mane
38.5%
beetles
38.3%
sir!'
37.9%
lump,'
37.4%
pause.
35.7%
tangled
35.5%
yeh've
33.5%
'Budge
32.9%
wild,
31.2%
wild,
31.2%
fear.
29.9%
stranger.
29.2%
fitted
29%
brushed
28.6%
crinkled
28.1%
clean
26.6%
flat
26.4%
easily
25.1%
awake.
22.5%
shaggy
21.2%
frozen
20.3%
crouching,
20.3%
SMASH!
19.5%
deafening
19%
terrified,
19%
strode
18.4%
squeaked
18.2%
stooping
17.5%
skidding
17.3%
glinting
17.3%
jerked
16.5%
squeezed
15.8%
swung
13.4%
funny
13%
dropped
12.1%
rasping
10.4%
shadowy
6.7%
fierce,
6.1%

You're not logged in!

Compare scores with friends on all Sporcle quizzes.
OR
Log In

Show Comments

Extras

Top Quizzes Today


Score Distribution

Your Account Isn't Verified!

In order to create a playlist on Sporcle, you need to verify the email address you used during registration. Go to your Sporcle Settings to finish the process.

Report this User

Report this user for behavior that violates our Community Guidelines.

Details: